| 000 | 00842nam a22002417a 4500 | ||
|---|---|---|---|
| 999 |
_c75508 _d75508 |
||
| 005 | 20210325214015.0 | ||
| 008 | s2015 eng d | ||
| 020 | _a9780986879920 | ||
| 040 | _aNALT | ||
| 041 | _aeng | ||
| 050 | _a | ||
| 090 |
_aKU 13 _bD36J 2015 |
||
| 100 | 1 |
_aDandurand, Yvon _937533 |
|
| 245 | 1 | 0 |
_aJustice indicators and criminal justice reform : _breference tool / _cYvon Dandurand, Kittipong Kittayarak, Alison MacPhail. |
| 260 |
_aBangkok : _bThailand Institute of Justice, _c2015. |
||
| 300 |
_a55 p. : _bchart, tables ; _c28 cm. |
||
| 650 | 0 |
_aCriminal justice, Administration of _937536 _xIndicators |
|
| 700 | 0 |
_937534 _aKittipong Kittayarak |
|
| 700 | 1 |
_937535 _aMacPhail, Alison |
|
| 850 | _aNALT | ||
| 942 |
_cLB _2local |
||